Hegel on the arts : selections from G.W F. Hegel's Aesthetics, or the Philosophy of fine art = Hegel en las artes: selecciones de GW F. Hegel 's estética, o la filosofía de las bellas artes /
Salvato in:
| Autore principale: | |
|---|---|
| Natura: | Sconosciuto |
| Lingua: | English |
| Pubblicazione: |
New York :
Ungar,
1979.
|
| Soggetti: | |
| Tags: |
Aggiungi Tag
Nessun Tag, puoi essere il primo ad aggiungerne!!
|
MARC
| LEADER | 000000000a22000000004500 | ||
|---|---|---|---|
| 001 | 013901 | ||
| 020 | |a 0804462623 | ||
| 041 | 0 | |a eng | |
| 082 | 0 | 4 | |a 700.1 |b P211h |
| 100 | 1 | |a Hegel, Georg Wilhelm Friedrich, |d 1770-1831 | |
| 245 | 1 | 0 | |a Hegel on the arts : |b selections from G.W F. Hegel's Aesthetics, or the Philosophy of fine art = Hegel en las artes: selecciones de GW F. Hegel 's estética, o la filosofía de las bellas artes / |c Georg Wilhelm Friedrich Hegel. |
| 246 | 3 | 1 | |a Hegel en las artes: selecciones de GW F. Hegel 's estética, o la filosofía de las bellas artes |
| 260 | 1 | |a New York : |b Ungar, |c 1979. | |
| 300 | |a xxiv, 200 páginas ; |c 22 cm | ||
| 650 | 4 | |a ESTETICA | |
| 500 | |a Colección George Yúdice | ||
| 999 | |c 19811 |d 19811 | ||
| 942 | |c BK |h 700.1 P211h |2 z | ||



